=LDR 00000nam 2200000 4500 =001 INLIS000000000042477 =005 20231016085052 =035 ##$$a 0010-101300000000399 =008 231016################g##########0#ind## =041 ##$$a ind =082 ##$$a R. 616.31 =090 ##$$a 616.31, Csu a =100 ##$$a Scully, C =245 1#$$a Atlas bantu kedokteran gigi : $b Penyakit mulut (Colour aids in dentistry : oral medicine) /$c C. Scully, R.a cawson; Alih bahasa, Lilian Yuwono =260 ##$$a Jakarta :$b Hipocrates,$c 1990 =300 ##$$a Viii,156 hlm. : $b ilus ; $c 18 x 12 cm. =650 #4$$a Mulut-Penyakit =700 #$$a R.A Cawson =700 #$$a Lilian Yuwono =850 ##$$a NBPNMAT =020 ##$$a 979-492-019-3 =084 ##$$a R. 616.31 SCU a =250 ##$$a cet.2 =990 ##$$a 18821882 =990 ##$$a 00042863